Vista normal
Vista MARC
Entrada Personal Name
Número de registros utilizados en: 1
001 - CONTROL NUMBER
- control field: 4649
003 - CONTROL NUMBER IDENTIFIER
- control field: DLC
005 - DATE AND TIME OF LATEST TRANSACTION
- control field: 20221111145737.0
008 - FIXED-LENGTH DATA ELEMENTS
- fixed length control field: 180730n| azannaabn |n aaa
010 ## - LIBRARY OF CONGRESS CONTROL NUMBER
- LC control number: n 2018185941
035 ## - SYSTEM CONTROL NUMBER
- System control number: (DNLM)1787950
040 ## - CATALOGING SOURCE
- Original cataloging agency: DNLM
- Language of cataloging: spa
- Transcribing agency: Mx-PuUPA
- Description conventions: rda
- Modifying agency: Mx-PuUPA
100 1# - HEADING--PERSONAL NAME
- Personal name: MacLeod, Andrew,
- Titles and other words associated with a name: (Professor of clinical psychology)
372 ## - FIELD OF ACTIVITY
- Field of activity: Psicología Clínica
- Source of term: mesh
373 ## - ASSOCIATED GROUP
- Associated group: Universidad de londres. Royal Holloway
- Source of term: naf
374 ## - OCCUPATION
- Occupation: Profesor de psicologia clinica
- Occupation: Autor
375 ## - GENDER
- Gender: hombre
377 ## - ASSOCIATED LANGUAGE
- Language code: eng
670 ## - SOURCE DATA FOUND
- Source citation: Prospection, well-being, and mental health, 2017:
- Information found: title page (Andrew MacLeod, Royal Holloway University of London) page 4 of cover (professor of clinical psychology and director of clinical psychology training)